000 00432nam a2200169Ia 4500
008 090123s9999 xx 000 0 und d
082 _b5727
_a891.463/मोरे
100 _aमोरे महादेव
245 _aझळा
250 _a1
300 _a250
600 _aमोरे महादेव
630 _aझळा
700 _aमोरे महादेव
730 _aझळा
942 _cBOOK
999 _c43792
_d43792